| 000 | 003260000a22000970004500 | ||
|---|---|---|---|
| 100 | 1 | _aPrieto, Jaime | |
| 245 | 1 | 0 | _aLa recepción del jubileo bíblico en el Seminario y la Universidad Bíblica Latinoamericana (1969-1998) |
| 300 | _aVol. 18, Num 2 (Octubre, 1998), Páginas 113-132 | ||
| 773 | 0 | _tVida y pensamiento | |
| 942 | _cANA | ||
| 999 |
_c53096 _d53096 |
||